000 01478nam a2200361 a 4500
003 CO-ViMGA
005 20230915233134.0
008 141226s2015 sp a jr 0011j spa d
020 _a9789585816664 (obra completa)
020 _a9789585816671 (volumen 4)
020 _a9789585816688 (volumen 2)
020 _a9789585816695 (volumen 5)
020 _a9789585862807 (volumen 1)
020 _a9789585862814 (volumen 3)
040 _aCO-ViMGA
_bspa
_cCO-ViMGA
082 0 4 _a808.4
_bI55i2
245 1 0 _aInmigrantes IV
250 _aEdicion especial para El Ministerio de Cultura, Biblioteca Nacional de Colombia
260 _aBogota
_bEl Peregrino Ediciones
_c2014
300 _a5 volumenes
_c23 cm
505 _aEsa famosa torre / Ricardo Abdahllah -- Siberia en tus ojos / Ikaro Valderrama - Caracaos / Marc Caellas -- Una victoria entre jacarandas / Santiago Torrado -- Getsemani / Rainbow Nelson
650 1 4 _2LEMB
_aViajes
_vColecciones
_xEnsayos
_924093
651 4 _aCaracas (Venezuela)
_xDescripcion
_vColecciones
_924689
651 4 _aMexico
_xDescripcion
_vColecciones
_924690
651 4 _aParis (Francia)
_xDescripcion
_vColecciones
_924688
651 4 _aSiberia (Rusia)
_xDescripcion
_vColecciones
_924691
700 1 0 _aAbdahllah Camacho, Ricardo Enrique
_d1981-
_924692
700 1 0 _aCaellas, Marc
_d1974-
_924693
700 1 0 _aNelson, Rainbow
_924694
700 1 0 _aTorrado, Santiago
_d1979-
_924695
700 1 0 _aValderrama, Ikaro
_924696
942 _2ddc
_cBK
999 _c4063
_d4063